Chapman Library

David: an introduction and commentary (Record no. 6135)

000 -LEADER
fixed length control field 00301nam a22001217a 4500
020 ## - INTERNATIONAL STANDARD BOOK NUMBER
ISBN 0851118291 UK (paper back)
050 ## - LIBRARY OF CONGRESS CALL NUMBER
Classification number BS 560.D2
100 ## - MAIN ENTRY--AUTHOR NAME
Personal name BALWIN, Joyce G.
245 ## - TITLE STATEMENT
Title David: an introduction and commentary
260 ## - PUBLICATION, DISTRIBUTION, ETC. (IMPRINT)
Place of publication Leicester
Name of publisher Intervasity Press
Year of publication 1978
300 ## - PHYSICAL DESCRIPTION
Number of Pages 210p:
942 ## - ADDED ENTRY ELEMENTS (KOHA)
Koha item type Books

No copies available.



CSUC Chapman Library is a Koha Automated Library.


Contact us: library@csuc.edu.gh.